Employment and unemployment in India (1999-2000), key results: NSS 55th round (July 1999 - June 2000) (Record no. 489909)

000 -LEADER
fixed length control field 00468cam a22001217a 4500
008 - FIXED-LENGTH DATA ELEMENTS--GENERAL INFORMATION
fixed length control field 180718b2000 xxu||||| |||| 00| 0 eng d
082 ## - DEWEY DECIMAL CLASSIFICATION NUMBER
Classification number R112x54 Em73
100 ## - MAIN ENTRY--PERSONAL NAME
Personal name India. Ministry of Statistics and Programme Implementation. National Sample Survey Organisation
245 ## - TITLE STATEMENT
Title Employment and unemployment in India (1999-2000), key results: NSS 55th round (July 1999 - June 2000)
260 ## - PUBLICATION, DISTRIBUTION, ETC.
Place of publication, distribution, etc. Kolkata
Name of publisher, distributor, etc. The author
Date of publication, distribution, etc. 2000
300 ## - PHYSICAL DESCRIPTION
Extent v.p.
650 ## - SUBJECT ADDED ENTRY--TOPICAL TERM
Topical term or geographic name entry element Employment - Surveys
Holdings
Withdrawn status Lost status Damaged status Not for loan Permanent Location Current Location Date acquired Full call number Barcode Date last seen Price effective from Koha item type
        Indian Institute of Public Administration Indian Institute of Public Administration 2018-08-04 R112x54 Em73 GG24673 2018-08-04 2018-08-04 GG

Powered by Koha